[Event "Elit(Vasteras-Farsta)"]
[Site "?"]
[Date "2023.02.25"]
[Round "6"]
[White "Landgren, Andreas"]
[Black "Stavenberg, Karl"]
[Result "1/2-1/2"]
[WhiteElo "2236"]
[BlackElo "2122"]
[PlyCount "143"]
[SourceVersionDate "2023.03.16"]

1. d4 d5 2. c4 c6 3. Nf3 Nf6 4. Nc3 a6 5. cxd5 cxd5 6. Bf4 Nc6 7. e3 Bg4 8. Rc1
Rc8 9. Be2 e6 10. O-O Be7 11. h3 Bh5 12. Qb3 Bxf3 13. Bxf3 b5 14. Ne2 O-O 15.
a4 b4 16. Qd3 Qb6 17. b3 Na5 18. Rfd1 Qb7 19. Kf1 Ne4 20. Bh2 Bh4 21. g3 Bg5
22. Bg2 Rxc1 23. Rxc1 Nxb3 24. Bxe4 Nxc1 25. Bxh7+ Kh8 26. Nxc1 Rc8 27. Nb3 Rc3
28. Qb1 Qc6 29. Nc5 Be7 30. Qxb4 Rc1+ 31. Kg2 Bxc5 32. dxc5 Kxh7 33. Qh4+ Kg6
34. Qg4+ Kf6 35. Qh4+ g5 36. Qh6+ Ke7 37. Qxg5+ Kd7 38. e4 Rxc5 39. Qf6 Ke8 40.
Qh8+ Ke7 41. Qh4+ Kd7 42. Qf6 dxe4 43. Qxf7+ Kc8 44. Qf8+ Kb7 45. Qe7+ Kb6 46.
Qd8+ Qc7 47. Qd4 Ka5 48. g4 Qc6 49. Bf4 e3+ 50. f3 Rc4 51. Qxe3 Kxa4 52. Be5 a5
53. h4 Kb5 54. h5 Rxg4+ 55. Kh3 Rc4 56. h6 Rc1 57. h7 Rh1+ 58. Kg2 Rxh7 59.
Qd3+ Qc4 60. Qxh7 Qe2+ 61. Kh3 Qxe5 62. Qb7+ Kc4 63. Qc6+ Kd3 64. Kg4 Ke3 65.
Qc1+ Kf2 66. Qd2+ Qe2 67. Qxa5 Qxf3+ 68. Kg5 Qd5+ 69. Qxd5 exd5 70. Kf4 d4 71.
Ke4 d3 72. Kxd3 1/2-1/2

[Event "Elit(Vasteras-Farsta)"]
[Site "?"]
[Date "2023.02.25"]
[Round "6"]
[White "Lagerborg, Krister"]
[Black "Norberg, Erik"]
[Result "0-1"]
[WhiteElo "2099"]
[BlackElo "2217"]
[PlyCount "116"]
[EventDate "2023.??.??"]
[SourceVersionDate "2023.03.16"]

1. d4 g6 2. c4 Bg7 3. Nc3 d6 4. e4 Nf6 5. f3 O-O 6. Be3 c6 7. Bd3 e5 8. Nge2
Nbd7 9. d5 Ne8 10. Qd2 f5 11. O-O-O cxd5 12. cxd5 f4 13. Bf2 a6 14. Kb1 b5 15.
Nc1 Nb6 16. b3 Bd7 17. Bc2 a5 18. Nd3 Qb8 19. Nb2 Nc7 20. Bd3 Qb7 21. Rc1 a4
22. bxa4 b4 23. Nb5 Nxb5 24. axb5 b3 25. axb3 Ra3 26. Qb4 Rfa8 27. Bxb6 Qxb6
28. Na4 R8xa4 29. bxa4 Rxd3 30. Rc3 Rd4 31. Rc4 Rd3 32. Rhc1 h5 33. Kb2 Kh7 34.
R1c3 Rd1 35. Rc1 Rd3 36. R4c3 Rd4 37. Qb3 g5 38. Rc4 Rd2+ 39. R1c2 Rd1 40. Qc3
Qg1 41. h3 g4 42. hxg4 hxg4 43. Rc7 Ra1 44. Kb3 Be8 45. fxg4 Qb1+ 46. Rb2 Qxe4
47. Qc2 Qxc2+ 48. Rcxc2 e4 49. Ra2 Rb1+ 50. Kc4 e3 51. Ra3 Bg6 52. Re2 Rc1+ 53.
Kb4 Bd4 54. Ka5 Rb1 55. Ka6 Kg7 56. a5 Be8 57. Kb7 Bxb5 58. Rea2 e2 0-1

[Event "Elit(Vasteras-Farsta)"]
[Site "?"]
[Date "2023.02.25"]
[Round "6"]
[White "Jonsson, Mikael"]
[Black "Wieweg, Johnny"]
[Result "0-1"]
[WhiteElo "2198"]
[BlackElo "2066"]
[PlyCount "170"]
[SourceVersionDate "2023.03.16"]

1. e4 e5 2. Nf3 Nc6 3. Bb5 f5 4. d4 fxe4 5. Bxc6 dxc6 6. Nxe5 Nf6 7. O-O Bd6 8.
Nc3 O-O 9. Bg5 Qe8 10. Qe2 Bf5 11. Rae1 Bxe5 12. dxe5 Qxe5 13. Bxf6 Qxf6 14.
Qc4+ Kh8 15. f3 e3 16. Nd1 Rfe8 17. Nxe3 Be6 18. Qc5 Bg8 19. b3 b6 20. Qb4 a5
21. Qd2 Rad8 22. Qf2 Qc3 23. Re2 a4 24. Rfe1 c5 25. Nd1 Rxe2 26. Nxc3 Rxf2 27.
Kxf2 axb3 28. axb3 h6 29. Rd1 Rxd1 30. Nxd1 Bh7 31. Ne3 Kg8 32. Kg3 Kf7 33. Kf4
Ke6 34. h4 b5 35. g4 b4 36. Nf5 Bxf5 37. gxf5+ Kd5 38. f6 gxf6 39. Kf5 Kd4 40.
Kxf6 Kc3 41. f4 Kxc2 42. f5 c4 43. Kg7 cxb3 44. f6 b2 45. f7 b1=Q 46. f8=Q Qb2+
47. Kxh6 Qc3 48. Qf5+ Kb2 49. h5 b3 50. Kg6 Ka2 51. Qe6 Qg3+ 52. Kf7 Qf3+ 53.
Ke7 Qxh5 54. Qa6+ Kb2 55. Qf6+ Kc2 56. Qf2+ Kd3 57. Qg3+ Kc4 58. Qf4+ Kb5 59.
Qf1+ Kb6 60. Qf6+ c6 61. Kd7 Qd5+ 62. Kc8 Qg8+ 63. Kd7 Qh7+ 64. Kd8 Qd3+ 65.
Kc8 Qd2 66. Qd6 Qd5 67. Qc7+ Kc5 68. Qa7+ Kc4 69. Qg7 c5 70. Kc7 Kb4 71. Kb6
Qd6+ 72. Kb7 c4 73. Ka7 Qc5+ 74. Ka6 Qd6+ 75. Ka7 c3 76. Ka8 Qc6+ 77. Ka7 Qc5+
78. Ka8 c2 79. Qb7+ Ka3 80. Qa6+ Kb2 81. Qf6+ Qc3 82. Qf2 Kb1 83. Qf5 b2 84.
Qg6 Qa3+ 85. Kb8 Qa4 0-1

[Event "Elit(Kungstornet-Rockaden,Sthlm)"]
[Site "?"]
[Date "2023.02.25"]
[Round "6"]
[White "Neiksans, Arturs"]
[Black "Lyrberg, Patrik"]
[Result "1/2-1/2"]
[WhiteElo "2447"]
[BlackElo "2606"]
[PlyCount "80"]
[SourceVersionDate "2023.03.02"]

1. e4 c5 2. Nf3 Nc6 3. Bb5 e6 4. O-O Nge7 5. c3 a6 6. Be2 d5 7. exd5 Nxd5 8. d4
cxd4 9. Nxd4 Bd7 10. Nf3 Qc7 11. Re1 Bd6 12. Nbd2 Ne5 13. Nxe5 Bxe5 14. Nf3 Bf6
15. g3 b5 16. Bg5 O-O 17. Bxf6 Nxf6 18. Bf1 Bc6 19. Ne5 Bd5 20. Bg2 Rfd8 21.
Qe2 Qb7 22. Bxd5 Nxd5 23. a4 Rab8 24. axb5 axb5 25. Ra5 f6 26. Ng4 e5 27. Rea1
Qd7 28. Ra7 Qf5 29. Re1 h5 30. Ne3 Nxe3 31. Qxe3 b4 32. Qe4 Qxe4 33. Rxe4 bxc3
34. bxc3 Rd2 35. Rb4 Rxb4 36. cxb4 Rb2 37. Rb7 Kh7 38. h4 Kh6 39. Rb6 Kg6 40.
Rb7 Kh6 1/2-1/2

[Event "Elit(Kungstornet-Rockaden,Sthlm)"]
[Site "?"]
[Date "2023.02.25"]
[Round "6"]
[White "von Bahr, Oskar"]
[Black "Blomqvist, Erik"]
[Result "0-1"]
[WhiteElo "2384"]
[BlackElo "2538"]
[PlyCount "64"]
[SourceVersionDate "2023.03.02"]

1. e4 c5 2. Nf3 e6 3. d4 cxd4 4. Nxd4 Nc6 5. Nc3 Qc7 6. Be3 a6 7. Qf3 h5 8.
O-O-O b5 9. Nxc6 Qxc6 10. Bd3 Bb7 11. Rhe1 Ne7 12. a3 Ng6 13. Bd4 e5 14. Be3
Bxa3 15. Nd5 Bc5 16. Kb1 Rc8 17. g3 Ne7 18. Qe2 Bxe3 19. Qxe3 f6 20. f4 d6 21.
Qe2 Qc5 22. Nxe7 Kxe7 23. Rd2 Bc6 24. Rf1 Bd7 25. Qd1 Be6 26. Be2 a5 27. Bxh5
Rxh5 28. Qxh5 Qc4 29. Rdf2 Qa2+ 30. Kc1 Qa1+ 31. Kd2 Qxb2 32. Rc1 Qd4+ 0-1

[Event "Elit(Kungstornet-Rockaden,Sthlm)"]
[Site "?"]
[Date "2023.02.25"]
[Round "6"]
[White "Socko, Bartosz"]
[Black "Henriksson, Johan"]
[Result "1-0"]
[WhiteElo "2620"]
[BlackElo "2267"]
[PlyCount "83"]
[SourceVersionDate "2023.03.02"]

1. d4 d5 2. Nf3 c6 3. g3 Nf6 4. Bg2 Bf5 5. O-O e6 6. c4 Be7 7. Nc3 O-O 8. Nh4
Bg6 9. Nxg6 hxg6 10. Qd3 Nbd7 11. Rd1 a6 12. Bf4 b5 13. b3 bxc4 14. bxc4 Nb6
15. c5 Nc4 16. Rab1 Nd7 17. e4 Nf6 18. Rb7 Re8 19. Rdb1 Na3 20. R1b6 Nb5 21.
exd5 Nxc3 22. d6 Ncd5 23. dxe7 Qc8 24. Bxd5 Nxd5 25. Rb1 Nxf4 26. gxf4 e5 27.
dxe5 Qg4+ 28. Qg3 Qe6 29. Qg5 Qd5 30. h4 a5 31. a4 Qd3 32. h5 gxh5 33. f5 Qe4
34. f6 g6 35. R1b3 Qe1+ 36. Kg2 Qe4+ 37. Kh2 Rac8 38. Re3 Qxa4 39. Qh6 Qh4+ 40.
Kg1 Qg4+ 41. Rg3 Qd1+ 42. Kh2 1-0

[Event "Elit(Kungstornet-Rockaden,Sthlm)"]
[Site "?"]
[Date "2023.02.25"]
[Round "6"]
[White "Eriksson, Johan"]
[Black "Sorensen, Hampus"]
[Result "1/2-1/2"]
[WhiteElo "2397"]
[BlackElo "2439"]
[PlyCount "56"]
[SourceVersionDate "2023.03.02"]

1. c4 e6 2. g3 d5 3. Bg2 dxc4 4. Qa4+ Nd7 5. Qxc4 Rb8 6. Nf3 b5 7. Qc2 Bb7 8.
O-O Ngf6 9. a4 b4 10. b3 Be7 11. Bb2 O-O 12. d3 c5 13. Nbd2 Rc8 14. Nc4 Ba8 15.
Rfd1 Nd5 16. e4 N5b6 17. Ne3 Nb8 18. a5 N6d7 19. Nc4 Nc6 20. d4 cxd4 21. Nxd4
Nxd4 22. Bxd4 Bf6 23. Rac1 Bxd4 24. Rxd4 Qc7 25. Rcd1 Ne5 26. Qd2 Nxc4 27. Rxc4
Qxa5 28. Qxb4 Qxb4 1/2-1/2

[Event "Elit(Stockholms SS-Vasteras)"]
[Site "?"]
[Date "2023.01.22"]
[Round "5"]
[White "Janse, Love"]
[Black "Ertan, Can"]
[Result "1/2-1/2"]
[WhiteElo "2200"]
[BlackElo "2352"]
[PlyCount "129"]
[SourceVersionDate "2023.02.09"]

1. e4 e5 2. Nc3 Nf6 3. Bc4 Nc6 4. d3 Bb4 5. Bg5 h6 6. Bxf6 Qxf6 7. Nge2 Na5 8.
O-O c6 9. f4 Nxc4 10. dxc4 d6 11. Qd3 O-O 12. f5 Rd8 13. a3 Bc5+ 14. Kh1 a5 15.
Rad1 a4 16. Qh3 b6 17. Ng3 Qg5 18. Rf3 Kf8 19. Nge2 Ra5 20. Rg3 Qf6 21. Rg4 Bd4
22. Ng3 Qe7 23. Rf1 Bxc3 24. bxc3 d5 25. f6 gxf6 26. Qxh6+ Ke8 27. Rg8+ Kd7 28.
Nf5 Qe6 29. Ng7 Qe7 30. Rxd8+ Kxd8 31. Rxf6 Bd7 32. Rd6 dxe4 33. Nf5 Qe8 34.
Qf6+ Kc7 35. Ne3 Qd8 36. h4 Ra8 37. h5 Qf8 38. Rd1 Re8 39. c5 Qxc5 40. Qxf7 Re7
41. Qf6 Rh7 42. Qg6 Qe7 43. Kg1 Rf7 44. Qxe4 Rf4 45. Qd3 Rh4 46. Qa6 Bc8 47.
Qe2 Qc5 48. Qf2 Rf4 49. Qg3 Bg4 50. Rd4 Bxh5 51. Rxf4 exf4 52. Qxf4+ Kb7 53.
Qd4 Qxa3 54. Qxb6+ Kxb6 55. Nc4+ Kc5 56. Nxa3 Kd5 57. Kf2 Ke4 58. Ke1 Ke3 59.
Nc4+ Kf4 60. Kd2 Bf7 61. Nb6 a3 62. Kc1 Kg3 63. Kb1 Kxg2 64. c4 Bg6 65. Ka2
1/2-1/2

[Event "Elit(Farsta-Rockaden,Sthlm)"]
[Site "?"]
[Date "2023.01.22"]
[Round "5"]
[White "Sorensen, Hampus"]
[Black "Namini, Armin"]
[Result "1-0"]
[WhiteElo "2439"]
[BlackElo "2189"]
[PlyCount "133"]
[EventDate "2023.??.??"]
[SourceVersionDate "2023.02.09"]

1. d4 d5 2. c4 c6 3. Nf3 Nf6 4. Nc3 dxc4 5. e4 b5 6. Be2 b4 7. Na4 Nxe4 8. Bxc4
e6 9. O-O Be7 10. Qe2 Nd6 11. Bd3 Qa5 12. Nc5 Nd7 13. Nxd7 Bxd7 14. Ne5 Rd8 15.
a3 b3 16. Bd2 Qa4 17. Bb4 g6 18. d5 cxd5 19. Bxd6 Bxd6 20. Nxd7 Rxd7 21. Bb5
Qh4 22. g3 Qf6 23. Rac1 Ke7 24. Bxd7 Kxd7 25. Qb5+ Ke7 26. Qb7+ Kf8 27. Rc8+
Kg7 28. Rxh8 Kxh8 29. Qxb3 Be5 30. Rb1 Bd4 31. Qc2 h5 32. Qe2 h4 33. b4 e5 34.
a4 a6 35. a5 e4 36. b5 axb5 37. Rxb5 Qg5 38. Kg2 e3 39. fxe3 Bxe3 40. Qf3 hxg3
41. hxg3 Ba7 42. Rxd5 Qe7 43. Rd1 Kg8 44. Rb1 Qd7 45. Rd1 Qc7 46. Qa8+ Kg7 47.
Qd5 Qe7 48. Qd3 Qc7 49. a6 Qe7 50. Rf1 Kg8 51. Rc1 Qe5 52. Rc8+ Kg7 53. Rc4 Kg8
54. Qe4 Qd6 55. Qe8+ Kg7 56. Rh4 Qd5+ 57. Kh2 Kf6 58. Rf4+ Kg7 59. Rh4 Kf6 60.
Qh8+ Ke7 61. Qb2 Ke6 62. Qc2 Kf6 63. Qc3+ Kg5 64. Rc4 Kh6 65. Qh8+ Kg5 66. Qh4+
Kf5 67. Rf4+ 1-0

[Event "Elit(Stockholms SS-Vasteras)"]
[Site "?"]
[Date "2023.01.22"]
[Round "5"]
[White "Cederstam, Carl"]
[Black "Landgren, Andreas"]
[Result "1/2-1/2"]
[WhiteElo "2271"]
[BlackElo "2236"]
[PlyCount "99"]
[SourceVersionDate "2023.02.09"]

1. e4 c5 2. Nf3 d6 3. d4 cxd4 4. Nxd4 Nf6 5. Nc3 a6 6. Be2 e6 7. O-O Be7 8. Be3
O-O 9. Kh1 Nc6 10. Qe1 Qc7 11. f4 Nxd4 12. Bxd4 b5 13. a3 Bb7 14. Bd3 Nd7 15.
Qg3 Bf6 16. Bxf6 Nxf6 17. Rae1 d5 18. exd5 exd5 19. Re5 Rae8 20. Qh4 h6 21.
Rfe1 Rxe5 22. fxe5 Nh7 23. a4 bxa4 24. Qxa4 Ng5 25. Bf5 Rd8 26. Qd4 Ne6 27.
Bxe6 fxe6 28. Rf1 Rf8 29. Rxf8+ Kxf8 30. b4 Qc4 31. Qxc4 dxc4 32. Na4 Kf7 33.
Nb6 Bd5 34. Kg1 c3 35. Na4 Bb3 36. Nxc3 Bxc2 37. Kf2 Kg6 38. Ne2 Be4 39. Ke3
Bd5 40. g4 Kg5 41. Nf4 Bb3 42. Nd3 Kxg4 43. Nc5 Bd5 44. Nxa6 Kf5 45. Kd4 g5 46.
Nc7 Bg2 47. Ne8 Bd5 48. Nc7 Bg2 49. Ne8 Bd5 50. Nc7 1/2-1/2

[Event "Elit(Farsta-Rockaden,Sthlm)"]
[Site "?"]
[Date "2023.01.22"]
[Round "5"]
[White "Jaderberg, Bjorn"]
[Black "Trost, Edvin"]
[Result "0-1"]
[WhiteElo "2136"]
[BlackElo "2369"]
[PlyCount "98"]
[SourceVersionDate "2023.02.09"]

1. d4 Nf6 2. Nc3 d5 3. Bg5 Nbd7 4. Qd3 h6 5. Bh4 c5 6. Nf3 e6 7. e4 dxe4 8.
Nxe4 Be7 9. Nxf6+ Nxf6 10. dxc5 Qa5+ 11. c3 O-O 12. Qb5 Qxb5 13. Bxb5 Bxc5 14.
Ke2 a6 15. Bd3 Nh5 16. Bg3 Nxg3+ 17. hxg3 Bd7 18. Rh5 Bd6 19. Rd1 Rfd8 20. Nd2
Bc7 21. Be4 Rab8 22. f4 Kf8 23. Rhh1 Ke7 24. Rhe1 f5 25. Bc2 g5 26. fxg5 hxg5
27. Rh1 Rh8 28. g4 Bf4 29. gxf5 exf5 30. Nf3 Rbe8 31. Nd4 Kf6+ 32. Kf3 Re3+ 33.
Kf2 Rhe8 34. g4 fxg4 35. Rh6+ Ke5 36. c4 g3+ 37. Kg2 Bg4 38. Rd2 Rd8 39. Bd1
Rxd4 40. Rxd4 Kxd4 41. Bxg4 Rd3 42. Re6 Be5 43. b3 Ke4 44. Bf3+ Rxf3 45. Rxe5+
Kxe5 46. Kxf3 Kd4 47. Kxg3 Kc3 48. Kg4 a5 49. Kxg5 Kb2 0-1

[Event "Elit(Limhamn-Eksjo)"]
[Site "?"]
[Date "2023.01.22"]
[Round "5"]
[White "Rajcevski, Dejan"]
[Black "Domingo Nunez, Ruben"]
[Result "0-1"]
[WhiteElo "2067"]
[BlackElo "2380"]
[PlyCount "82"]
[SourceVersionDate "2023.02.04"]

1. d4 g6 2. Nf3 Bg7 3. e3 Nf6 4. Bd3 O-O 5. b3 b6 6. Bb2 Bb7 7. Nbd2 c5 8. O-O
e6 9. dxc5 bxc5 10. c4 Na6 11. Qe2 d5 12. cxd5 exd5 13. Rac1 Qb6 14. Rfd1 Nb4
15. a3 Nxd3 16. Qxd3 Rfd8 17. Qc2 Rac8 18. Be5 Bf8 19. Qb2 Ne4 20. Nxe4 dxe4
21. Nd2 Rd3 22. Nc4 Qe6 23. Rxd3 exd3 24. Nd2 Qg4 25. f3 Qe6 26. Re1 Re8 27.
Bh8 h5 28. Bf6 Bh6 29. Nf1 Ba6 30. Bc3 Rb8 31. b4 cxb4 32. axb4 Rc8 33. Qd2 Qb3
34. Rc1 Bf8 35. Bd4 Rc2 36. Rxc2 dxc2 37. Qc1 Qd3 38. Bb2 Bxb4 39. Kf2 Qxf1+
40. Qxf1 Bxf1 41. Kxf1 Bd2 0-1

[Event "Elit(Stockholms SS-Vasteras)"]
[Site "?"]
[Date "2023.01.22"]
[Round "5"]
[White "Jonsson, Mikael"]
[Black "Tuomainen, Felix"]
[Result "1-0"]
[WhiteElo "2198"]
[BlackElo "2232"]
[PlyCount "49"]
[SourceVersionDate "2023.02.09"]

1. e4 c5 2. Nf3 d6 3. d4 cxd4 4. Nxd4 Nf6 5. Nc3 Nc6 6. Bg5 e6 7. Qd2 Be7 8.
O-O-O a6 9. f4 Qc7 10. Bxf6 gxf6 11. f5 Bd7 12. fxe6 fxe6 13. g3 O-O-O 14. Bh3
Nxd4 15. Qxd4 Kb8 16. Qb4 Bc6 17. Qb3 f5 18. Qxe6 Bg5+ 19. Kb1 fxe4 20. Nd5
Bxd5 21. Qxd5 Qe7 22. Bg2 Rhe8 23. Rd4 e3 24. Rb4 Rd7 25. Re4 1-0

[Event "Elit(Farsta-Rockaden,Sthlm)"]
[Site "?"]
[Date "2023.01.22"]
[Round "5"]
[White "Berovski, Krum"]
[Black "Stavenberg, Karl"]
[Result "1/2-1/2"]
[WhiteElo "2351"]
[BlackElo "2122"]
[PlyCount "81"]
[SourceVersionDate "2023.02.09"]

1. d4 d5 2. c4 c6 3. Nc3 Nf6 4. cxd5 cxd5 5. Bf4 Nc6 6. e3 a6 7. Nf3 Bf5 8. Ne5
e6 9. Qb3 Nxe5 10. Bxe5 b5 11. a4 Qa5 12. Rc1 Bb4 13. axb5 axb5 14. Be2 O-O 15.
O-O Ne4 16. Bc7 Qxc7 17. Qxb4 Qd6 18. Qxd6 Nxd6 19. Nxb5 Nxb5 20. Bxb5 Rfb8 21.
Rc5 Ra5 22. Rfc1 Kf8 23. Bf1 Ra2 24. Rc8+ Rxc8 25. Rxc8+ Ke7 26. b4 Ra1 27. Rc3
Rb1 28. b5 g5 29. f3 h5 30. Kf2 Rb2+ 31. Be2 Kd6 32. Ke1 Rb1+ 33. Kd2 Rb2+ 34.
Kd1 Rb1+ 35. Rc1 Rb2 36. Ra1 f6 37. Ra6+ Kd7 38. g4 hxg4 39. fxg4 Be4 40. Ra7+
Kd6 41. Ra6+ 1/2-1/2

[Event "Elit(Stockholms SS-Vasteras)"]
[Site "?"]
[Date "2023.01.22"]
[Round "5"]
[White "Renman, Nils-Gustaf"]
[Black "Petersson, Baldur Teodor"]
[Result "1-0"]
[WhiteElo "2340"]
[BlackElo "2216"]
[PlyCount "39"]
[SourceVersionDate "2023.02.09"]

1. d4 d5 2. c4 c6 3. Nc3 Nf6 4. e3 a6 5. Nf3 e6 6. Bd3 dxc4 7. Bxc4 b5 8. Bb3
c5 9. O-O Bb7 10. Qe2 Nc6 11. Rd1 cxd4 12. exd4 Be7 13. d5 exd5 14. Nxd5 Nxd5
15. Bxd5 Qc7 16. Bg5 Rc8 17. Re1 f6 18. Bf4 Ne5 19. Nxe5 fxe5 20. Bxe5 1-0

[Event "Elit(Farsta-Rockaden,Sthlm)"]
[Site "?"]
[Date "2023.01.22"]
[Round "5"]
[White "Lagerborg, Krister"]
[Black "Barkhagen, Jonas"]
[Result "1/2-1/2"]
[WhiteElo "2099"]
[BlackElo "2423"]
[PlyCount "137"]
[SourceVersionDate "2023.02.09"]

1. e4 c5 2. Nf3 d6 3. d4 cxd4 4. Nxd4 Nf6 5. Nc3 Nc6 6. Bc4 Qb6 7. Nf3 e6 8.
Bb3 a6 9. O-O Be7 10. h3 O-O 11. Be3 Qc7 12. Nd4 b5 13. Nxc6 Qxc6 14. f3 Nd7
15. a4 Bb7 16. Ne2 bxa4 17. Bxa4 Qc7 18. c3 Nb6 19. Bb3 Rfd8 20. Qd4 Nd7 21.
Rfd1 d5 22. exd5 Bc5 23. Qd2 Qb6 24. Bxc5 Nxc5 25. Qd4 Rac8 26. Ba2 Bxd5 27.
Bxd5 Rxd5 28. Qb4 Qd6 29. Rxd5 Qxd5 30. Qd4 Qb7 31. Qb4 Qc7 32. Rd1 g6 33. Qd4
h5 34. Qd6 Qb7 35. b4 Na4 36. Qd2 Qc6 37. c4 Nb6 38. c5 Nd5 39. Nf4 Nf6 40. Qd3
Kg7 41. Ra1 Qc7 42. Ne2 Rb8 43. Qc3 e5 44. Qc4 Qb7 45. Rb1 Nd5 46. c6 Qb5 47.
Rc1 Nxb4 48. Qxb5 axb5 49. Rc5 Rc8 50. Rxe5 Nxc6 51. Rxb5 Re8 52. Nc3 Re1+ 53.
Kf2 Rc1 54. Ne4 Rc2+ 55. Kf1 Nd4 56. Rb7 Nf5 57. g4 Ne3+ 58. Kg1 hxg4 59. hxg4
Nd5 60. Ng5 Rc7 61. Rxc7 Nxc7 62. Kf2 f5 63. gxf5 gxf5 64. f4 Nd5 65. Ne6+ Kf6
66. Nd4 Nxf4 67. Nxf5 Ke5 68. Ng3 Ng2 69. Kxg2 1/2-1/2

[Event "Elit(Helsingborg-LASK)"]
[Site "?"]
[Date "2023.01.22"]
[Round "5"]
[White "Thybo, Jesper Sondergaard"]
[Black "Semcesen, Daniel"]
[Result "1-0"]
[WhiteElo "2508"]
[BlackElo "2462"]
[PlyCount "83"]
[EventDate "2023.??.??"]
[SourceVersionDate "2023.02.04"]

1. Nf3 f5 2. d4 Nf6 3. g3 g6 4. Bg2 Bg7 5. O-O O-O 6. c4 c6 7. Nc3 d6 8. Rb1 a5
9. Qb3 Kh8 10. Rd1 Na6 11. Be3 h6 12. d5 c5 13. Na4 Bd7 14. Nb6 a4 15. Nxa4 Nb4
16. Nxc5 dxc5 17. Bxc5 Na6 18. Bd4 Qa5 19. Ne5 Kh7 20. Nxd7 Nxd7 21. Bxg7 Kxg7
22. d6 e6 23. Qxb7 Nac5 24. Qf3 Ne4 25. Qe3 Qxa2 26. Bxe4 fxe4 27. c5 Rfc8 28.
b4 Qc4 29. Rd4 Qb5 30. Qxe4 Ra2 31. Qxe6 Rxe2 32. Re4 Rxe4 33. Qxe4 Rf8 34. Re1
Rf7 35. Qd4+ Nf6 36. Re6 Qd7 37. Qe5 g5 38. h3 Qa4 39. Qd4 Qd7 40. Qc4 Qc6 41.
b5 Qf3 42. Qe2 1-0

[Event "Elit(Wasa-Kungstornet)"]
[Site "?"]
[Date "2023.01.22"]
[Round "5"]
[White "Cicak, Slavko"]
[Black "Amin, Bassem"]
[Result "0-1"]
[WhiteElo "2485"]
[BlackElo "2684"]
[PlyCount "138"]
[SourceVersionDate "2023.02.09"]

1. Nf3 Nf6 2. b3 g6 3. Bb2 Bg7 4. g3 c5 5. c4 d6 6. d4 Ne4 7. Bg2 Qa5+ 8. Nfd2
Nxd2 9. Bc3 Qb6 10. dxc5 Nxb1 11. Bxg7 Qb4+ 12. Kf1 Rg8 13. Bb2 Nd2+ 14. Kg1
Nxc4 15. Qd4 Na6 16. bxc4 Nxc5 17. Bc3 Qa4 18. Bd5 Be6 19. Kg2 Bxd5+ 20. cxd5
Qxd4 21. Bxd4 Kd7 22. Rhb1 b6 23. a4 Rab8 24. Rb5 a6 25. Rb4 Rb7 26. Rab1 Rgb8
27. Ra1 e6 28. dxe6+ fxe6 29. f3 Kc6 30. e4 e5 31. Be3 a5 32. Rc4 b5 33. axb5+
Rxb5 34. Kh3 Rb4 35. Rc2 a4 36. Kg4 Ra8 37. Bc1 Kb5 38. Ba3 Rb3 39. Rd2 Ra6 40.
Rd5 Rd3 41. Rxd3 Nxd3 42. Kg5 Nc5 43. Kh6 Ra7 44. Rd1 Kc6 45. Rc1 Rf7 46. Rc3
Kb5 47. h4 Rd7 48. Kg5 Ne6+ 49. Kh6 Nd4 50. f4 Kb6 51. Rc4 Kb5 52. Rc3 exf4 53.
gxf4 Ne2 54. Rf3 d5 55. e5 Nd4 56. Rc3 Ne6 57. h5 d4 58. Rc1 Nxf4 59. hxg6 hxg6
60. Kg5 Rf7 61. Rc5+ Kb6 62. Rc4 Rf5+ 63. Kg4 Ne6 64. Bd6 Rf4+ 65. Kg3 d3 66.
Rc1 Kb5 67. Be7 d2 68. Rd1 Rd4 69. Kf2 Kc4 0-1

[Event "Elit(Wasa-Kungstornet)"]
[Site "?"]
[Date "2023.01.22"]
[Round "5"]
[White "Meshkovs, Nikita"]
[Black "Lyrberg, Patrik"]
[Result "1-0"]
[WhiteElo "2576"]
[BlackElo "2447"]
[PlyCount "63"]
[SourceVersionDate "2023.02.09"]

1. d4 Nf6 2. Nf3 g6 3. g3 Bg7 4. Bg2 c5 5. c3 Na6 6. O-O d5 7. Be3 cxd4 8. Bxd4
O-O 9. Nbd2 b6 10. Qb3 Nc5 11. Qa3 Ne6 12. Be5 a5 13. Rad1 Ba6 14. Rfe1 Rc8 15.
Bh3 Qe8 16. Nf1 Rc4 17. Nd4 Ra4 18. Qb3 Bc4 19. Qxb6 Nd7 20. Qa7 Nxe5 21. Nxe6
fxe6 22. b3 Qf7 23. bxa4 g5 24. Qe3 g4 25. Bg2 Qh5 26. Nd2 Rf6 27. f4 gxf3 28.
exf3 Rh6 29. h3 Rg6 30. g4 Qh4 31. f4 Nd3 32. Nf3 1-0

[Event "Elit(Helsingborg-LASK)"]
[Site "?"]
[Date "2023.01.22"]
[Round "5"]
[White "Pantzar, Milton"]
[Black "Sylvan, Jacob"]
[Result "1-0"]
[WhiteElo "2471"]
[BlackElo "2314"]
[PlyCount "113"]
[SourceVersionDate "2023.02.04"]

1. d4 Nf6 2. c4 e6 3. Nf3 d5 4. g3 dxc4 5. Bg2 a6 6. O-O Nc6 7. Be3 Rb8 8. Qc1
b5 9. b3 Nd5 10. bxc4 Nxe3 11. Qxe3 Be7 12. cxb5 axb5 13. Nc3 O-O 14. Rfd1 Bb7
15. d5 exd5 16. Rxd5 Bd6 17. Rxb5 Re8 18. Qc1 Ba6 19. Rxb8 Nxb8 20. e3 Nd7 21.
Qc2 Nc5 22. Rd1 h6 23. Nd4 Qg5 24. Ndb5 Bxb5 25. Nxb5 Rd8 26. a4 Bf8 27. Rxd8
Qxd8 28. Bc6 Qf6 29. Nd4 Ne6 30. Nxe6 Qxe6 31. a5 Qe5 32. Qa2 Bc5 33. a6 Ba7
34. Bd5 Qf6 35. Kg2 g6 36. Qa4 Qe7 37. Qc2 Kg7 38. Qc3+ Kh7 39. Qc2 Kg7 40.
Qc3+ Kh7 41. h4 h5 42. Qc6 Kg7 43. Bb3 Bb6 44. Qc3+ Kh7 45. Qc4 Kg7 46. Qd5 Ba7
47. Qa8 Qc5 48. Qe8 Qf5 49. Qe7 Bb6 50. Ba2 Kg8 51. a7 Bxa7 52. Qxc7 Bc5 53.
Bxf7+ Qxf7 54. Qxc5 Qe6 55. Qd4 Qa6 56. Qd5+ Kg7 57. e4 1-0

[Event "Elit(Wasa-Kungstornet)"]
[Site "?"]
[Date "2023.01.22"]
[Round "5"]
[White "Eriksson, Johan"]
[Black "Berg, Emanuel"]
[Result "1/2-1/2"]
[WhiteElo "2397"]
[BlackElo "2506"]
[PlyCount "85"]
[SourceVersionDate "2023.02.09"]

1. d4 Nf6 2. c4 g6 3. Nc3 Bg7 4. e4 d6 5. Nf3 O-O 6. Be2 e5 7. O-O Nc6 8. d5
Ne7 9. Ne1 Nd7 10. Be3 f5 11. f3 f4 12. Bf2 g5 13. Rc1 Rf6 14. Nd3 Rh6 15. c5
a6 16. Qb3 Qe8 17. c6 Qh5 18. h4 b5 19. cxd7 Bxd7 20. g4 fxg3 21. Bxg3 Ng6 22.
f4 g4 23. f5 Nxh4 24. Qd1 Qg5 25. Bxg4 Kh8 26. Nf2 Rg8 27. Nh3 Qe7 28. Rc2 Bf6
29. Rh2 b4 30. Nb1 Qg7 31. Nf2 Bxf5 32. exf5 Nxf5 33. Rxh6 Qxh6 34. Qf3 Nxg3
35. Qxg3 Bh4 36. Qf3 Qg5 37. Kh1 Bxf2 38. Rxf2 Qxg4 39. Qf6+ Rg7 40. Qf8+ Rg8
41. Qf6+ Rg7 42. Qf8+ Rg8 43. Qf6+ 1/2-1/2

[Event "Elit(Wasa-Kungstornet)"]
[Site "?"]
[Date "2023.01.22"]
[Round "5"]
[White "Cramling, Pia"]
[Black "von Bahr, Oskar"]
[Result "1/2-1/2"]
[WhiteElo "2458"]
[BlackElo "2384"]
[PlyCount "79"]
[SourceVersionDate "2023.02.09"]

1. d4 Nf6 2. Nf3 g6 3. c4 Bg7 4. Nc3 d5 5. Qb3 dxc4 6. Qxc4 O-O 7. e4 a6 8. e5
b5 9. Qb3 Nfd7 10. e6 fxe6 11. Be3 Nf6 12. a4 b4 13. Qxb4 Nc6 14. Qa3 Qd6 15.
Bc4 Nb4 16. Rc1 Bb7 17. Ng5 Bxg2 18. Bxe6+ Kh8 19. Rg1 Bb7 20. Nf7+ Rxf7 21.
Bxf7 Nd3+ 22. Kd2 Nxc1 23. Qxd6 cxd6 24. Rxc1 Ng4 25. Nd5 e5 26. Rc7 Rb8 27.
dxe5 Nxe3 28. Kxe3 Bxe5 29. b3 Bxh2 30. Nf6 d5 31. Re7 Bd6 32. Rd7 Be5 33. Bxd5
Bxf6 34. Rxb7 Rxb7 35. Bxb7 a5 36. f4 Kg7 37. Kf3 Be7 38. Bd5 Bd6 39. Bc4 Kf6
40. Bb5 1/2-1/2

[Event "Elit(Wasa-Kungstornet)"]
[Site "?"]
[Date "2023.01.22"]
[Round "5"]
[White "Henriksson, Johan"]
[Black "Engqvist, Thomas"]
[Result "0-1"]
[WhiteElo "2267"]
[BlackElo "2345"]
[PlyCount "135"]
[SourceVersionDate "2023.02.09"]

1. d4 Nf6 2. c4 e6 3. g3 Bb4+ 4. Bd2 a5 5. Bg2 d5 6. a3 Be7 7. Nf3 O-O 8. Qc2
Nc6 9. O-O Bd7 10. Bf4 dxc4 11. Qxc4 a4 12. Nbd2 Nd5 13. Rac1 Na5 14. Qd3 Qe8
15. Ng5 Bxg5 16. Bxg5 Bb5 17. Qf3 h6 18. Bf4 Nc6 19. Be3 Na5 20. Qh5 Nxe3 21.
fxe3 c6 22. Rf2 f5 23. Qh4 Qd8 24. Qf4 Qb8 25. Rc5 Qxf4 26. exf4 Rfd8 27. e3
Rd6 28. Bf3 Rad8 29. Re5 b6 30. g4 c5 31. dxc5 Rxd2 32. cxb6 Rxf2 33. Kxf2 Rd2+
34. Kg3 Rxb2 35. b7 Nxb7 36. Bxb7 Bd7 37. Bf3 fxg4 38. Bxg4 Kf7 39. Ra5 Rb3 40.
Ra7 Ke8 41. Kf2 Rxa3 42. e4 Rc3 43. f5 exf5 44. Bxf5 Bxf5 45. exf5 Rc5 46. Rxa4
Rxf5+ 47. Kg3 Rg5+ 48. Kh4 Kf7 49. Ra7+ Kg6 50. Ra6+ Kf5 51. Ra5+ Kf4 52. Ra4+
Kf3 53. Ra3+ Kg2 54. Ra2+ Kg1 55. h3 Rg2 56. Ra3 Kh2 57. Rb3 g6 58. Ra3 Rd2 59.
Ra4 g5+ 60. Kh5 Kxh3 61. Ra3+ Kg2 62. Ra6 Rd4 63. Ra2+ Kg3 64. Ra3+ Kf4 65. Ra1
Rd3 66. Ra4+ Kg3 67. Ra1 Kh3 68. Kxh6 0-1

[Event "Elit(Wasa-Kungstornet)"]
[Site "?"]
[Date "2023.01.22"]
[Round "5"]
[White "Wessman, Richard"]
[Black "Larsson, Anders"]
[Result "1/2-1/2"]
[WhiteElo "2412"]
[BlackElo "2221"]
[PlyCount "25"]
[SourceVersionDate "2023.02.09"]

1. d4 e6 2. c4 Bb4+ 3. Bd2 Bxd2+ 4. Qxd2 Nf6 5. Nc3 d5 6. e3 O-O 7. Nf3 Qe7 8.
Bd3 Nbd7 9. O-O dxc4 10. Bxc4 e5 11. Qc2 c6 12. Rfe1 e4 13. Nd2 1/2-1/2